Saggerson on travel law and litigation. (Registro nro. 173821)
[ vista simple ]
| 000 -LEADER | |
|---|---|
| fixed length control field | 01740cam a22004695i 4500 |
| 001 - CONTROL NUMBER | |
| control field | 23086486 |
| 006 - FIXED-LENGTH DATA ELEMENTS--ADDITIONAL MATERIAL CHARACTERISTICS--GENERAL INFORMATION | |
| fixed length control field | m o d |
| 007 - PHYSICAL DESCRIPTION FIXED FIELD--GENERAL INFORMATION | |
| fixed length control field | cr un ---uuuua |
| 008 - FIXED-LENGTH DATA ELEMENTS--GENERAL INFORMATION | |
| fixed length control field | 220519t20222022enk ob 001 0 eng d |
| 010 ## - LIBRARY OF CONGRESS CONTROL NUMBER | |
| LC control number | 2022367075 |
| 015 ## - | |
| -- | GBC290116 |
| -- | bnb |
| 016 7# - | |
| -- | 020621435 |
| -- | Uk |
| 020 ## - INTERNATIONAL STANDARD BOOK NUMBER | |
| International Standard Book Number | 9780854902934 |
| Qualifying information | (hardcover) |
| 020 ## - INTERNATIONAL STANDARD BOOK NUMBER | |
| International Standard Book Number | 0854902937 |
| Qualifying information | (hardcover) |
| 035 ## - | |
| -- | 42488 |
| 040 ## - CATALOGING SOURCE | |
| Original cataloging agency | UtOrBLW |
| Language of cataloging | eng |
| Description conventions | rda |
| Transcribing agency | UtOrBLW |
| 042 ## - | |
| -- | lccopycat |
| 043 ## - | |
| -- | e-uk--- |
| 050 #4 - | |
| -- | KD2517.T67 |
| -- | C43 2022 |
| 082 04 - | |
| -- | 341.75 |
| -- | 23 |
| 097 00 - | |
| -- | KD2517.T67 |
| -- | S24 2022 |
| 100 1# - MAIN ENTRY--PERSONAL NAME | |
| Personal name | Chapman, Matthew, |
| Dates associated with a name | 1971- |
| Relator term | author. |
| -- | https://isni.org/isni/0000000041805842 |
| 245 10 - TITLE STATEMENT | |
| Title | Saggerson on travel law and litigation. |
| 246 30 - | |
| -- | Travel law and litigation |
| 250 ## - | |
| -- | Seventh edition / |
| -- | Matthew Chapman QC [and five others]. |
| 264 #1 - | |
| -- | London : |
| -- | Wildy, Simmonds & Hill Publishing, |
| -- | 2022. |
| 264 #4 - | |
| -- | ©2022 |
| 300 ## - PHYSICAL DESCRIPTION | |
| Extent | 1 online resource (lxxviii, 793 pages) |
| 336 ## - | |
| -- | text |
| -- | txt |
| -- | rdacontent |
| 337 ## - | |
| -- | computer |
| -- | c |
| -- | rdamedia |
| 338 ## - | |
| -- | online resource |
| -- | cr |
| -- | rdacarrier |
| 500 ## - GENERAL NOTE | |
| General note | Previous edition: published as "Travel law and litigation" by Matthew Chapman, Sarah Prager and Jack Harding. 2017. |
| 504 ## - BIBLIOGRAPHY, ETC. NOTE | |
| Bibliography, etc | Includes bibliographical references and index. |
| 650 #0 - SUBJECT ADDED ENTRY--TOPICAL TERM | |
| Topical term or geographic name as entry element | Travel |
| General subdivision | Law and legislation |
| Geographic subdivision | Great Britain. |
| 650 #0 - SUBJECT ADDED ENTRY--TOPICAL TERM | |
| Topical term or geographic name as entry element | Tourism |
| General subdivision | Law and legislation |
| Geographic subdivision | Great Britain. |
| 650 #0 - SUBJECT ADDED ENTRY--TOPICAL TERM | |
| Topical term or geographic name as entry element | Actions and defenses |
| Geographic subdivision | Great Britain. |
| 700 1# - ADDED ENTRY--PERSONAL NAME | |
| Personal name | Saggerson, Alan. |
| Title of a work | Travel law and litigation. |
| 700 1# - ADDED ENTRY--PERSONAL NAME | |
| Personal name | Chapman, Matthew, |
| Dates associated with a name | 1971- |
| Title of a work | Saggerson on travel law and litigation. |
| Version | Sixth edition. |
| 856 40 - LOCALIZACIÓN Y ACCESO ELECTRÓNICO | |
| Identificador Uniforme del Recurso (URI/URL) | https://app.vlex.com/#/sources/42488 |
| 942 ## - | |
| -- | RAA |
| 999 ## - | |
| -- | 173821 |
| -- | 173821 |
No hay ítems disponibles.